| 000 | 01412cam a22004454i 4500 | ||
|---|---|---|---|
| 003 | PE-LiUPU | ||
| 005 | 20250731165442.0 | ||
| 008 | 160907s2011 pe a grm 000 0 spa d | ||
| 035 | _a(Sirsi) a163323 | ||
| 040 |
_aPE-LiUPU _bspa _cPE-LiUPU _erda |
||
| 099 |
_aTIS 2 _bM19 2011 |
||
| 100 | 1 |
_aMaldonado Ausejo, Alfonso Augusto, _eautor |
|
| 245 | 1 |
_a"Desarrollo de sistema de información para la mejora de procesos en la gestión de lotes de la empresa Tres Pirámides" / _cAlfonso Augusto Maldonado Ausejo. |
|
| 264 | 0 | _c2011. | |
| 300 |
_a82 hojas : _bilustraciones; _c30 cm |
||
| 336 |
_atext _2rdacontent |
||
| 337 |
_aunmediated _2rdamedia |
||
| 338 |
_avolume _2rdacarrier |
||
| 502 |
_aTesis _b(Lic.) -- _cUniversidad Peruana Unión, _d2011. |
||
| 504 | _aIncluye referencias | ||
| 526 | _aSEG44 | ||
| 526 | _aSEG26 | ||
| 526 | _aP151 | ||
| 526 | _aP150 | ||
| 526 | _aP149 | ||
| 526 | _aP146 | ||
| 526 | _aP145 | ||
| 526 | _aP126 | ||
| 526 | _aP125 | ||
| 526 | _aP92 | ||
| 526 | _aP75 | ||
| 526 | _aP74 | ||
| 526 | _aP27 | ||
| 526 | _aP15 | ||
| 610 | 0 | 4 |
_aTres pirámides (Empresa inmobiliaria) _xInnovaciones tecnológicas |
| 650 | 0 | 4 | _aEmpresas inmobiliarias |
| 596 | _a1 | ||
| 942 |
_2ddc _cTESIS |
||
| 999 |
_aTIS 2 M19 2011 _wALPHANUM _c12211 _iT01579 _lCCODEBUL3 _mBUL _r1 _sY _tTESIS _u2016-9-7 _xINGENIERIA _PP27 _o.STAFF. Tesis _d12211 |
||
| 980 |
_81 _gALBERTO SANCHEZ Responsable de Automatización |
||